Statistics for Les appareils électroménagers

Click here to take the quiz!

General Stats

  • This quiz has been taken 8 times
  • The average score is 12 of 29

Answer Stats

EnglishFrench% Correct
radioradio
100%
clockhorloge
71%
lamplampe
71%
washing machinemachine à laver
71%
hair dryersèche-cheveux
71%
air-conditionerclimatisation
57%
ovenfour
57%
toastergrille-pain
57%
telephonetéléphone
57%
televisiontélévision
57%
vacuum cleaneraspirateur
43%
freezercongélateur
43%
coffee machinemachine à café
43%
microwavemicro-ondes
43%
blendermixeur
43%
computerordinateur
43%
refrigeratorréfrigérateur
43%
clothes dryersèche-linge
43%
kettlebouilloire
29%
video game consoleconsole de jeux
29%
clothes ironfer à repasser
29%
dishwasherlave-vaisselle
29%
CD playerlecteur CD
29%
stereo systemsystème stéréo
29%
fanventilateur
14%
electric mixerbatteur électrique
0%
DVD playerlecteur de DVD
0%
alarm clockréveille-matin
0%
food processorrobot de cuisine
0%

Score Distribution

Percentile by Number Answered

Percent of People with Each Score

Your Score History

You have not taken this quiz